Missing Middles: Movies Quiz Stats

 Plays Quiz Updated Apr 9, 2019

Score 0/30 Timer 01:30
5 Plays Today
% Correct
La
89.5%
Side
89.2%
Dollar
89.1%
Hills
89%
And
89%
Private
88.8%
Night
88.6%
Will
87.1%
Fair
87%
With
86.3%
Green
86%
Of
84.9%
Shawshank
84.6%
Metal
84.4%
Dark
84%
% Correct
Clockwork
83.3%
Angry
83.1%
John
82.2%
Linings
80.8%
By
80.3%
About
78.5%
Deer
77.4%
Day
76.9%
French
76.6%
The
76.1%
Maltese
72.2%
African
68.1%
Bronx
63.4%
Girl
62.9%
Philadelphia
58.8%

You're not logged in!

Compare scores with friends on all Sporcle quizzes.
OR
Log In

Sporcle TV

Today on Sporcle TV


Watch our educational content, quiz creation guides, and fun videos on Sporcle TV.

Show Comments

Extras

Top Quizzes Today


Score Distribution

Your Account Isn't Verified!

In order to create a playlist on Sporcle, you need to verify the email address you used during registration. Go to your Sporcle Settings to finish the process.

Report this User

Report this user for behavior that violates our Community Guidelines.

Details: